000 00384nam a2200157Ia 4500
008 221030s9999 xx 000 0 und d
041 _aEnglish
082 _a105.23
100 _aP. M. Morey
245 0 _aLinear Electronic Circuits
_cby P. M. Morey, S. B. Lande
260 _bSpectrum Pub.
_aNagpur
_c1999
300 _a423
650 _aECE
700 _aS. B. Lande
942 _cBK
999 _c9277
_d9277